Trigonometry / (Record no. 39856)
[ view plain ]
| 000 -LEADER | |
|---|---|
| fixed length control field | 00713nam a22002057a 4500 |
| 005 - DATE AND TIME OF LATEST TRANSACTION | |
| control field | 20100806151443.0 |
| 010 ## - LCCN (DPL NO) | |
| LC control number | ENG-98535 |
| 020 ## - INTERNATIONAL STANDARD BOOK NUMBER | |
| Terms of availability | 125.00 |
| 035 ## - SYSTEM CONTROL NUMBER | |
| System control number | EN-82068 |
| 037 ## - SOURCE OF ACQUISITION | |
| Source of stock number/acquisition | DBAD/PUB |
| 082 ## - DEWEY DECIMAL CLASSIFICATION NUMBER | |
| Classification number | 516.24 |
| 100 ## - MAIN ENTRY--PERSONAL NAME | |
| Personal name | Seelan, N. Sathya |
| 245 ## - TITLE STATEMENT | |
| Title | Trigonometry / |
| Statement of responsibility, etc | by N. Sathya Seelan |
| 260 ## - PUBLICATION, DISTRIBUTION, ETC. (IMPRINT) | |
| Place of publication, distribution, etc | Triuchirappalli |
| Name of publisher, distributor, etc | R.J. Publishing House |
| Date of publication, distribution, etc | 2007 |
| 270 ## - ADDRESS | |
| Address | 169, Darul Hikma. J. K. Nagar, Kajamalai |
| City | Triuchirappalli |
| Postal code | 620013 |
| 300 ## - PHYSICAL DESCRIPTION | |
| Extent | 170p. |
| Dimensions | 20cm (pbk) |
| 650 ## - SUBJECT ADDED ENTRY--TOPICAL TERM | |
| Topical term or geographic name as entry element | Trigonometry |
| 942 ## - ADDED ENTRY ELEMENTS (KOHA) | |
| Source of classification or shelving scheme | Dewey Decimal Classification |
| Item type | English Books |
| Classification part | 516.24 |
| Call number suffix | SEE |
| Withdrawn status | Lost status | Not for loan | Collection code | Home library | Current library | Date acquired | Source of acquisition | Cost, normal purchase price | Full call number | Barcode | Copy number | Cost, replacement price | Koha item type |
|---|---|---|---|---|---|---|---|---|---|---|---|---|---|
| Not For Loan | Non-fiction | D.B.Act.Division | D.B.Act.Division | 06/08/2010 | DBAD/PUB | 125.00 | 516.24 SEE | EN-82068 | 1 | 125.00 | English Books |
